000 00254nam a22001217a 4500
020 _a1-8464-6117-0
082 _a823
_bKIR/T
100 _aKIRK, DAVID
245 _aTOP O BIG TREE
260 _a32
_bLADY BIRD
650 _aENGLISH SHORT STORY
942 _cBK
999 _c2640
_d2640